书目信息 |
| 题名: |
旅游目的地“非功用性”定位研究
|
|
| 作者: | 曲颖 著 | |
| 分册: | ||
| 出版信息: | 北京 中国社会科学出版社 2013 |
|
| 页数: | 280页 | |
| 开本: | 24cm | |
| 丛书名: | 东大旅游人 | |
| 单 册: | ||
| 中图分类: | F592.68 | |
| 科图分类: | ||
| 主题词: | 旅游市场--Lv You Shi Chang--研究--中国 | |
| 电子资源: | ||
| ISBN: | 978-7-5161-3737-6 | |
| 000 | 01672nam0 22002891 450 | |
| 001 | 0101082532 | |
| 005 | 20161202082928.56 | |
| 010 | @a978-7-5161-3737-6@dCNY56.00 | |
| 100 | @a20141202d2013 ekmy0chiy0121 ea | |
| 101 | 0 | @achi |
| 102 | @aCN@b110000 | |
| 105 | @aak a 001yy | |
| 106 | @ar | |
| 200 | 1 | @a旅游目的地“非功用性”定位研究@ALv You Mu De Di Fei Gong Yong Xing Ding Wei Yan Jiu@f曲颖著 |
| 210 | @a北京@c中国社会科学出版社@d2013 | |
| 215 | @a280页@c图@d24cm | |
| 225 | 2 | @a东大旅游人@ADong Da Lv You Ren@i文旅游系列 |
| 300 | @a江苏省教育厅高校哲学社会科学研究指导项目 “基于提高市场潜力视角的旅游目的地定位战略开发模式研究—以南京为例”(2012SJD630064) 东南大学基本科研业务费人文社科基础扶持基金(创新基金)项目 “旅游目的地定位战略开发模式研究:提高市场潜力的视角”(SKCX 20120019) 国家自然科学基金面上项目“民国时期旅游管理思想研究(1912-1949)”(71371047)国家“985”三期“哲学社会科学创新基地”研究成果 | |
| 320 | @a有书目 (第235-257页) 和索引 | |
| 330 | @a本书基于当前旅游目的地定位研究现状、旅游需求和营销环境的变化,以目的地定位战略开发工作环节为重点针对性研究范畴,对以满足旅游者“非功用性消费需求”为内核机制的目的地定位模式的理论建构和理论检验展开了详尽探讨。理论建构方面,构筑了旅游目的地“非功用性”定位的概念性指导模型;理论检验方面,通过以大连作为一个海滨城市目的地面向国内消遣旅游市场与其他4个北方竞争目的地的定位案例分析来实际阐释该模型的有效性和可操作性。 | |
| 333 | @a本书适用于相关研究人员 | |
| 461 | 0 | @12001 @a东大旅游人@i文旅游系列 |
| 606 | 0 | @a旅游市场@ALv You Shi Chang@x研究@y中国 |
| 690 | @aF592.68@v5 | |
| 701 | 0 | @a曲颖@AQu Ying@4著 |
| 801 | 0 | @aCN@bTANGWEI@c20161128 |
| 905 | @b0952297-301@dF592.68@e504@f5 | |
| 旅游目的地“非功用性”定位研究/曲颖著.-北京:中国社会科学出版社,2013 |
| 280页:图;24cm.-(东大旅游人.文旅游系列) |
| 江苏省教育厅高校哲学社会科学研究指导项目 “基于提高市场潜力视角的旅游目的地定位战略开发模式研究—以南京为例”(2012SJD630064) 东南大学基本科研业务费人文社科基础扶持基金(创新基金)项目 “旅游目的地定位战略开发模式研究:提高市场潜力的视角”(SKCX 20120019) 国家自然科学基金面上项目“民国时期旅游管理思想研究(1912-1949)”(71371047)国家“985”三期“哲学社会科学创新基地”研究成果.-使用对象:本书适用于相关研究人员 |
| ISBN 978-7-5161-3737-6:CNY56.00 |
| 本书基于当前旅游目的地定位研究现状、旅游需求和营销环境的变化,以目的地定位战略开发工作环节为重点针对性研究范畴,对以满足旅游者“非功用性消费需求”为内核机制的目的地定位模式的理论建构和理论检验展开了详尽探讨。理论建构方面,构筑了旅游目的地“非功用性”定位的概念性指导模型;理论检验方面,通过以大连作为一个海滨城市目的地面向国内消遣旅游市场与其他4个北方竞争目的地的定位案例分析来实际阐释该模型的有效性和可操作性。 |
| ● |
| 相关链接 |
|
|
|
|
正题名:旅游目的地"非功用性"定位研究
索取号:F592.68/504
 
预约/预借
| 序号 | 登录号 | 条形码 | 馆藏地/架位号 | 状态 | 备注 |
| 1 | 0952297 | 209522970 | 第一样本阅览室/ [索取号:F592.68/504] | 在馆 | |
| 2 | 0952298 | 209522989 | 密集书库-资源管理系/ [索取号:F592.68/504] | 在馆 | |
| 3 | 0952299 | 209522998 | 第一借阅区/ [索取号:F592.68/504] | 在馆 | |
| 4 | 0952300 | 209523005 | 第一借阅区/ [索取号:F592.68/504] | 在馆 | |
| 5 | 0952301 | 209523014 | 第一借阅区/ [索取号:F592.68/504] | 在馆 |